|
|
|
|
| LEADER |
02689nam a2200709 i 4500 |
| 001 |
nkc20172961786 |
| 003 |
CZ PrNK |
| 005 |
20180316104641.0 |
| 007 |
ta |
| 008 |
171211s2017 xr ah e c 000 0 cze |
| 015 |
|
|
|a cnb002961786
|
| 020 |
|
|
|a 978-80-87225-74-5
|q (brožováno)
|
| 035 |
|
|
|a (OCoLC)1031045315
|
| 040 |
|
|
|a BOA001
|b cze
|d OLA001
|e rda
|
| 043 |
|
|
|a e-xr---
|b e-xr-pg
|2 czenas
|
| 072 |
|
7 |
|a 336.7
|x Finance
|2 Konspekt
|9 4
|
| 080 |
|
|
|a 336.74(091)
|2 MRF
|
| 080 |
|
|
|a 336.71/.73
|2 MRF
|
| 080 |
|
|
|a 069
|2 MRF
|
| 080 |
|
|
|a (437.3)
|2 MRF
|
| 080 |
|
|
|a (437.311)
|2 MRF
|
| 080 |
|
|
|a (083.82)
|2 MRF
|
| 080 |
|
|
|a (036)
|2 MRF
|
| 100 |
1 |
|
|a Vencovský, František,
|d 1923-2006
|7 jn19992010782
|4 aut
|
| 245 |
1 |
0 |
|a Lidé a peníze /
|c František Vencovský, Ladislav Kopecký a kolektiv: Leopold Surga, Alena Kolínová, Jaroslav Moravec, Jiří Rott, Jiří Böhm, Miloš Keller, Petr Miňovský, Petr Frydrych, Ivan Babouček
|
| 250 |
|
|
|a 6. vydání
|
| 264 |
|
1 |
|a [Praha] :
|b Česká národní banka,
|c [2017]
|
| 300 |
|
|
|a 65 stran :
|b ilustrace (převážně barevné), faksimile ;
|c 26 cm
|
| 336 |
|
|
|a text
|b txt
|2 rdacontent
|
| 336 |
|
|
|a statický obraz
|b sti
|2 rdacontent
|
| 337 |
|
|
|a bez média
|b n
|2 rdamedia
|
| 338 |
|
|
|a svazek
|b nc
|2 rdacarrier
|
| 500 |
|
|
|a Vydáno u příležitosti expozice ČNB Lidé a peníze
|
| 610 |
2 |
7 |
|a Česká národní banka
|7 kn20010725042
|2 czenas
|
| 650 |
0 |
7 |
|a dějiny peněz
|7 ph553873
|z Česko
|2 czenas
|
| 650 |
0 |
7 |
|a peněžnictví
|7 ph115710
|z Česko
|2 czenas
|
| 650 |
0 |
7 |
|a stálé expozice
|7 ph854721
|z Česko
|2 czenas
|
| 650 |
0 |
9 |
|a history of money
|z Czechia
|2 eczenas
|
| 650 |
0 |
9 |
|a banking industry
|z Czechia
|2 eczenas
|
| 650 |
0 |
9 |
|a permanent exhibitions
|z Czechia
|2 eczenas
|
| 651 |
|
7 |
|a Praha (Česko)
|7 ge118011
|2 czenas
|
| 651 |
|
9 |
|a Prague (Czechia)
|2 eczenas
|
| 655 |
|
7 |
|a katalogy
|7 fd132535
|2 czenas
|
| 655 |
|
7 |
|a průvodce
|7 fd133154
|2 czenas
|
| 655 |
|
9 |
|a catalogs
|2 eczenas
|
| 655 |
|
9 |
|a guidebooks
|2 eczenas
|
| 700 |
1 |
|
|a Kopecký, Ladislav,
|d 1944-
|7 jk01061674
|4 aut
|
| 700 |
1 |
|
|a Surga, Leopold
|7 xx0118470
|4 aut
|
| 700 |
1 |
|
|a Kolínová, Alena
|7 ola2018980747
|4 aut
|
| 700 |
1 |
|
|a Moravec, Jaroslav,
|d 1966-
|7 jx20040721039
|4 aut
|
| 700 |
1 |
|
|a Rott, Jiří
|4 aut
|
| 700 |
1 |
|
|a Böhm, Jiří
|4 aut
|
| 700 |
1 |
|
|a Keller, Miloš
|4 aut
|
| 700 |
1 |
|
|a Miňovský, Petr
|4 aut
|
| 700 |
1 |
|
|a Frydrych, Petr
|4 aut
|
| 700 |
1 |
|
|a Babouček, Ivan
|7 xx0027783
|4 aut
|
| 710 |
2 |
|
|a Česká národní banka
|7 kn20010725042
|4 orm
|
| 910 |
2 |
|
|a BOA001
|b 3-1399.652
|
| 990 |
|
|
|a BK
|
| 995 |
|
|
|a 01
|
| 991 |
|
|
|b 201801
|c NOV
|
| 996 |
6 |
|
|b 2610728479
|c 3-1399.652
|l MZK
|r Sklad / do 1 hodiny
|n 4
|p p.v.
|w 001644439
|u 000010
|a 1
|e BOA001
|j MZK50
|s P
|